|
|
|
|
| LEADER |
00793nam a22002292a 4500 |
| 001 |
001395207 |
| 003 |
CZ BrMZK |
| 005 |
20141006122414.0 |
| 007 |
ta |
| 008 |
140618s1960 xo er|||||||||||slo d |
| 040 |
|
|
|a ABA001
|b cze
|c ABA001
|d ABA001
|d BOA001
|
| 245 |
0 |
0 |
|a Sovietské knihovníctvo :
|b sborník prekladov /
|c red. Michal Fedor
|
| 250 |
|
|
|a 1. vyd.
|
| 260 |
|
|
|a Martin :
|b Matica slovenská,
|c 1960
|
| 300 |
|
|
|a 169 s.
|
| 504 |
|
|
|a Obsahuje bibliografii
|
| 700 |
1 |
|
|a Fedor, Michal,
|d 1929-1994
|7 ola2002150087
|4 edt
|
| 910 |
|
|
|a BOA001
|b 2-0449.547
|
| 990 |
|
|
|a BK
|
| 991 |
|
|
|b 201406
|
| 996 |
7 |
|
|b 2619083606
|c 2-0449.547
|l MZK
|r Sklad / do 24 hodin
|n 0
|w 001430316
|u 000020
|a 1
|e BOA001
|j MZK50
|s A
|
| 996 |
7 |
|
|b 2619083607
|c 2-0449.547
|l MZK
|r Sklad / do 24 hodin
|n 0
|w 001430316
|u 000010
|a 1
|e BOA001
|j MZK50
|s A
|